|
|
|
|
| LEADER |
00000cam a2200000 7i4500 |
| 001 |
0000003766 |
| 005 |
20110614.0 |
| 020 |
0 |
0 |
|a 9780681186675
|
| 090 |
0 |
0 |
|a 634.97
|b TONY2006
|
| 245 |
0 |
0 |
|a Trees of the world :
|b An illustrated encyclopedia and identifier
|c Russel, Tony [et.all]
|
| 260 |
0 |
0 |
|a UK: London :
|b Hermes House ,
|c 2006
|
| 300 |
|
|
|a 511 p. :
|b ill. ;
|c 30 cm.
|
| 500 |
0 |
0 |
|a Includes index: [p. 502-511]
|
| 650 |
0 |
0 |
|a Trees---Africa, Asia and Australasia
|
| 650 |
0 |
0 |
|a Trees---Britian and Erope
|
| 650 |
0 |
0 |
|a Trees---USA
|
| 700 |
0 |
1 |
|a Cutler, Catherine
|
| 700 |
0 |
1 |
|a Russell, Tony
|
| 700 |
0 |
1 |
|a Walters, Martin
|
| 999 |
|
|
|a 007331
|b Monograph
|c Open Shelf
|e Default branch
|